Best All-Time Lineup for Every NBA Team - Statistics

General Stats
  • This quiz has been taken 79 times
  • The average score is 117 of 150
Answer Stats
Team Position % Correct
Mavericks PF
100%
Heat SG
100%
Cavaliers SF
100%
Heat SF
100%
Bulls PF
98%
Clippers SF
98%
Raptors SF
98%
Spurs SF
98%
Thunder SF
98%
Timberwolves PF
98%
Bulls SG
98%
Nuggets C
98%
Bulls SF
98%
Lakers C
98%
Magic C
98%
Warriors PG
98%
76ers SG
96%
Spurs C
96%
Hornets SG
96%
Bucks C
96%
Lakers PF
96%
Jazz PF
96%
76ers PF
96%
Rockets PF
96%
Celtics C
94%
Bulls PG
94%
Bucks PF
94%
Rockets C
94%
Rockets PG
94%
Mavericks SG
94%
Nets PG
94%
76ers SF
94%
Nets SF
94%
Cavaliers PF
94%
Timberwolves SF
94%
Lakers SG
94%
Cavaliers PG
94%
Lakers PG
94%
Thunder SG
94%
Suns PG
94%
Spurs PF
94%
76ers C
94%
Warriors C
94%
Timberwolves SG
92%
Knicks SF
92%
Nuggets PF
92%
Heat PF
92%
Raptors PF
92%
Nuggets SG
92%
Pistons PG
92%
Jazz PG
92%
Warriors SG
92%
Celtics SF
92%
Mavericks PG
92%
Bucks PG
92%
Kings PG
92%
Pacers SG
92%
Hawks PG
92%
Clippers PG
90%
Pelicans PG
90%
Trail Blazers PG
90%
Hawks SG
90%
Hornets PF
90%
Spurs PG
90%
Pelicans PF
88%
Warriors PF
88%
Wizards PG
88%
Suns SG
85%
Jazz SG
85%
Thunder PG
85%
Timberwolves C
85%
Knicks C
85%
Clippers SG
85%
Pacers SF
85%
Bucks SG
85%
Celtics PG
83%
Raptors PG
83%
Pistons PF
81%
Pacers C
81%
Grizzlies C
81%
Raptors C
81%
Magic PG
81%
Heat PG
81%
Grizzlies SG
81%
Heat C
79%
Hornets C
79%
Hawks SF
79%
Hornets PG
79%
Jazz C
79%
Magic SG
79%
Rockets SF
79%
Nets SG
79%
Trail Blazers C
77%
Clippers PF
77%
Nets C
77%
Rockets SG
77%
Trail Blazers SG
77%
Spurs SG
77%
Grizzlies PG
77%
Wizards SF
75%
Suns PF
75%
Magic PF
75%
Celtics SG
75%
Thunder PF
75%
Suns C
73%
Raptors SG
73%
Hawks C
73%
Pistons SG
73%
Celtics PF
73%
Kings PF
71%
Kings C
69%
Pelicans C
69%
Trail Blazers PF
69%
Wizards C
69%
Nets PF
67%
Lakers SF
67%
Knicks PF
67%
Nuggets SF
65%
Bulls C
65%
Knicks PG
65%
Cavaliers SG
63%
Warriors SF
63%
Suns SF
63%
Bucks SF
60%
Pacers PG
60%
Grizzlies PF
58%
Clippers C
56%
Hawks PF
56%
Pelicans SF
56%
Magic SF
56%
Pistons SF
56%
Wizards SG
54%
Wizards PF
48%
Pelicans SG
48%
76ers PG
46%
Jazz SF
46%
Mavericks C
46%
Kings SF
44%
Timberwolves PG
44%
Knicks SG
42%
Cavaliers C
40%
Hornets SF
40%
Pistons C
38%
Nuggets PG
38%
Kings SG
35%
Mavericks SF
31%
Thunder C
29%
Trail Blazers SF
27%
Grizzlies SF
25%
Pacers PF
6%
No matching quizzes found
Score Distribution
Percent of People with Each Score
Percentile by Number Answered
Your Score History
You have not taken this quiz